Hydrodynamic and magnetohydrodynamic problems in the sun and Stars (Record no. 8991)
[ view plain ]
| 000 -LEADER | |
|---|---|
| fixed length control field | 00913nam a2200205Ia 4500 |
| 003 - CONTROL NUMBER IDENTIFIER | |
| control field | IN-BaIIA |
| 008 - FIXED-LENGTH DATA ELEMENTS--GENERAL INFORMATION | |
| fixed length control field | 211028s9999 xx 000 0 eng d |
| 040 ## - CATALOGING SOURCE | |
| Transcribing agency | IIA Library |
| 080 ## - UNIVERSAL DECIMAL CLASSIFICATION NUMBER | |
| Universal Decimal Classification number | 538(063) |
| Item number | HYD |
| 111 ## - MAIN ENTRY--MEETING NAME | |
| Meeting name or jurisdiction name as entry element | Workshop in Honour of Professor Wasaburo Unno's 60th Birthday |
| Location of meeting | Hotel Komaba Eminence |
| Date of meeting or treaty signing | 1986 Feb. 25-28 |
| 9 (RLIN) | 15116 |
| 245 #0 - TITLE STATEMENT | |
| Title | Hydrodynamic and magnetohydrodynamic problems in the sun and Stars |
| Remainder of title | proceedings of the Workshop in honour of Professor Wasaburo Unno's 60th birthday, held in Hotel Komaba Eminence, Tokyo, 25 - 28 February 1986 |
| Statement of responsibility, etc. | edited by Y. Osaki |
| 260 ## - PUBLICATION, DISTRIBUTION, ETC. | |
| Place of publication, distribution, etc. | Tokyo |
| Name of publisher, distributor, etc. | Department of Astronomy |
| Date of publication, distribution, etc. | 1986 |
| 300 ## - PHYSICAL DESCRIPTION | |
| Extent | [various pagings.] |
| 650 ## - SUBJECT ADDED ENTRY--TOPICAL TERM | |
| Topical term or geographic name entry element | Astronomy and Astrophysics thesaurus |
| 650 ## - SUBJECT ADDED ENTRY--TOPICAL TERM | |
| Topical term or geographic name entry element | Hydrodynamics |
| 9 (RLIN) | 1514 |
| 650 ## - SUBJECT ADDED ENTRY--TOPICAL TERM | |
| Topical term or geographic name entry element | Magnetohydrodynamics |
| 9 (RLIN) | 1666 |
| 650 ## - SUBJECT ADDED ENTRY--TOPICAL TERM | |
| Topical term or geographic name entry element | Plasma waves |
| 9 (RLIN) | 4296 |
| 700 ## - ADDED ENTRY--PERSONAL NAME | |
| Personal name | Osaki, Y., ed. |
| 9 (RLIN) | 15117 |
| 942 ## - ADDED ENTRY ELEMENTS (KOHA) | |
| Koha item type | Books |
| Withdrawn status | Lost status | Damaged status | Not for loan | Home library | Current library | Shelving location | Date acquired | Total Checkouts | Full call number | Barcode | Date last seen | Price effective from | Koha item type |
|---|---|---|---|---|---|---|---|---|---|---|---|---|---|
| IIA Library-Bangalore | IIA Library-Bangalore | General Stacks | 24/03/1987 | 538(063)/ HYD | 9882 | 05/11/2021 | 24/03/1987 | Books |